000 00939nam a22002537a 4500
005 20080617165324.0
008 080617t xxu||||| |||| 00| 0 eng d
010 _aENG-90354
020 _c225.00
_a8183984997
035 _aEN-73887
037 _bDBAD / PUB
040 _aDPL
_bEN
082 _a532.05
100 _aGoyal, J.K.
245 _aPragati's fluid dynamics and advanced hydro-dynamics :
_cby J.K. Goyal [and] K.P. Gupta
_b[for Honours, Post-Graduate and M. Phil. Students]
250 _a15th ed.
260 _aMeerut
_bPragati Prakashan
_c2008
270 _aPragati Bhawan, 240, W.K, Road,
_bMeerut
_e250001
300 _aviii, 580p.
_c25 cm (pbk)
490 _a
700 _aGupta, K.P.
942 _cEN
_h 532.05
_2ddc
_mGOY
999 _c13760
_d13760